[Event "59. BEM 2005"]
[Site "Dortmund"]
[Date "2005.03.03"]
[Round "3"]
[White "Zeldin, Vitali"]
[Black "Raskin, Vitali"]
[Result "1-0"]
[WhiteElo "1918"]
[BlackElo "1670"]
[PlyCount "77"]
[EventDate "2005.??.??"]
[Source "SG Dortmund"]
[SourceDate "2004.12.16"]

1. e4 e5 2. Nf3 Nc6 3. Bb5 a6 4. Ba4 Nf6 5. O-O b5 6. Bb3 Be7 7. Re1 O-O 8. a4
Bb7 9. c3 d6 10. d4 exd4 11. cxd4 Na5 12. Bc2 c5 13. d5 Nc4 14. Nc3 b4 15. Ne2
Ne5 16. Nxe5 dxe5 17. Ng3 Bc8 18. b3 Re8 19. a5 Qd6 20. Nf1 Bg4 21. f3 Bd7 22.
Ne3 Bb5 23. Nf5 Qd7 24. Bb2 Bf8 25. f4 g6 26. fxe5 Nxe4 27. Bxe4 gxf5 28. Re3
f4 29. Bxh7+ Kxh7 30. Rh3+ Qxh3 31. gxh3 Bh6 32. Kf2 Rg8 33. Qc2+ Rg6 34. Rg1
Rag8 35. h4 Kh8 36. e6+ Bg7 37. Rxg6 fxg6 38. Qxg6 Bd4+ 39. Bxd4+ 1-0

[Event "59. BEM 2005"]
[Site "Dortmund"]
[Date "2005.03.03"]
[Round "3"]
[White "Kleymann, Jelena"]
[Black "Flierdl, Lothar"]
[Result "1/2-1/2"]
[WhiteElo "1848"]
[BlackElo "1634"]
[PlyCount "140"]
[EventDate "2005.??.??"]
[Source "SG Dortmund"]
[SourceDate "2004.12.16"]

1. Nf3 c5 2. g3 g6 3. Bg2 Bg7 4. O-O Nc6 5. c3 e5 6. e4 Nge7 7. d3 O-O 8. Be3
d6 9. Qc1 Bg4 10. h3 Bxf3 11. Bxf3 f5 12. Bg2 Qd7 13. Na3 f4 14. gxf4 exf4 15.
Bxf4 Ne5 16. Bxe5 dxe5 17. Qe3 b6 18. Nc2 Rad8 19. Rfd1 Nc6 20. a4 Qe7 21. Qg3
Bh6 22. Ne3 Kh8 23. Nd5 Qd6 24. Qh4 Bf4 25. Qg4 Ne7 26. Kh1 Nxd5 27. exd5 Qf6
28. Be4 Rd6 29. Rg1 Bh6 30. Rg2 Qf4 31. f3 a5 32. Qxf4 Rxf4 33. Rc2 Rf8 34. b4
cxb4 35. cxb4 axb4 36. Rb1 Be3 37. Rxb4 Bc5 38. Rb1 Ra8 39. Ra1 Ra5 40. h4 Kg7
41. Kg2 h6 42. Kg3 Rf6 43. Raa2 Kf7 44. Rcb2 Rd6 45. Rb5 Rxb5 46. axb5 Rd7 47.
f4 exf4+ 48. Kxf4 Bd6+ 49. Kf3 g5 50. hxg5 hxg5 51. Kg4 Kf6 52. Rf2+ Bf4 53.
Rc2 Rd6 54. Rc8 Ke5 55. Re8+ Kd4 56. Rc8 Ke5 57. Rc4 Be3 58. Bf3 Kf6 59. Re4
Bf4 60. d4 Bd2 61. Re5 Bf4 62. Rf5+ Ke7 63. Re5+ Kf6 64. Rf5+ Ke7 65. Rxf4 gxf4
66. Kxf4 Rh6 67. Ke5 Rd6 68. Bg4 Rd8 69. Be6 Rd6 70. Bf5 Rd8 1/2-1/2

[Event "59. BEM 2005"]
[Site "Dortmund"]
[Date "2005.03.03"]
[Round "3"]
[White "Barskij, Aleksandr"]
[Black "Orlowski, Wilfried"]
[Result "1-0"]
[WhiteElo "1825"]
[BlackElo "1611"]
[PlyCount "45"]
[EventDate "2005.??.??"]
[Source "SG Dortmund"]
[SourceDate "2004.12.16"]

1. e4 c5 2. Nf3 d6 3. d4 cxd4 4. Nxd4 Nf6 5. Nc3 a6 6. Be3 b5 7. a4 b4 8. Nd5
Nxd5 9. exd5 Bb7 10. Bc4 Qa5 11. O-O Qc5 12. Bb3 Qc7 13. a5 Nd7 14. Nc6 Bxc6
15. dxc6 Ne5 16. Bb6 Qc8 17. c7 e6 18. Ba4+ Ke7 19. f4 Nc4 20. Bc6 e5 21. Qd5
Nxb6 22. axb6 Rb8 23. fxe5 1-0

[Event "59. BEM 2005"]
[Site "Dortmund"]
[Date "2005.03.03"]
[Round "3"]
[White "Kolodziej, Dennis"]
[Black "Hardt, Helmut"]
[Result "0-1"]
[WhiteElo "1644"]
[BlackElo "1823"]
[PlyCount "78"]
[EventDate "2005.??.??"]
[Source "SG Dortmund"]
[SourceDate "2004.12.16"]

1. Nf3 Nf6 2. b4 d6 3. Bb2 e5 4. c4 Be7 5. e3 Bg4 6. Be2 Nbd7 7. d4 e4 8. Nfd2
Bxe2 9. Qxe2 d5 10. a3 c6 11. cxd5 cxd5 12. Nc3 O-O 13. O-O Nb6 14. f3 exf3 15.
Qxf3 Rc8 16. Rac1 Qd7 17. e4 dxe4 18. Ncxe4 Rxc1 19. Rxc1 Rd8 20. Qb3 Nbd5 21.
Nxf6+ Nxf6 22. Nf3 Nd5 23. Ne5 Qe6 24. Rf1 f6 25. Nf3 Bd6 26. Re1 Qf7 27. Bc1
g6 28. Qc4 Kg7 29. Bd2 Rd7 30. g3 Rc7 31. Qd3 a6 32. Rc1 Re7 33. Re1 Rd7 34.
Qc4 Rc7 35. Qd3 b5 36. Rc1 Qe6 37. Rxc7+ Bxc7 38. Nh4 Bb6 39. Ng2 Qe5 0-1

[Event "59. BEM 2005"]
[Site "Dortmund"]
[Date "2005.03.03"]
[Round "3"]
[White "Noori, Mir Ahmad"]
[Black "Morgenroth, Hubertus"]
[Result "0-1"]
[WhiteElo "1627"]
[BlackElo "1724"]
[PlyCount "116"]
[EventDate "2005.??.??"]
[Source "SG Dortmund"]
[SourceDate "2004.12.16"]

1. d4 d5 2. Nf3 e6 3. b3 Nf6 4. Bb2 Be7 5. e3 Nbd7 6. Be2 O-O 7. O-O Ne4 8.
Nbd2 Ndf6 9. a3 Bd7 10. c4 c6 11. c5 b6 12. b4 Qc7 13. Rc1 a5 14. Ne5 bxc5 15.
dxc5 axb4 16. axb4 Rfb8 17. Nd3 Qd8 18. Nf3 Ne8 19. Rb1 f6 20. Qc2 e5 21. Nd2
Bf5 22. f3 Nxd2 23. Qxd2 Nc7 24. Rbd1 Ra2 25. Nc1 Ra4 26. Bc3 Nb5 27. Bxb5 Rxb5
28. Rfe1 e4 29. f4 Rb8 30. Qc2 Rba8 31. h3 Qe8 32. Kh2 Be6 33. Nb3 Ra2 34. Bb2
Qb8 35. Qc3 R8a4 36. Ra1 Rxa1 37. Rxa1 Rxb4 38. Nd4 Bd7 39. Ba3 Rc4 40. Qa5 Qb7
41. Ra2 Qc8 42. Rb2 Bd8 43. Qa7 Bc7 44. Rb7 Ra4 45. Rxc7 Rxa7 46. Rxc8+ Bxc8
47. Bb4 Bd7 48. Kg3 Ra4 49. Nc2 Bc8 50. h4 Ba6 51. Be1 Rc4 52. Nd4 Rxc5 53. Kg4
Kf7 54. f5 Bc8 55. Kf4 g6 56. g4 Rc1 57. Bf2 Bd7 58. h5 gxf5 0-1

[Event "59. BEM 2005"]
[Site "Dortmund"]
[Date "2005.03.03"]
[Round "3"]
[White "Duschek, Günter"]
[Black "Martini, Heiko"]
[Result "0-1"]
[WhiteElo "1719"]
[BlackElo "1481"]
[PlyCount "75"]
[EventDate "2005.??.??"]
[Source "SG Dortmund"]
[SourceDate "2004.12.16"]

1. d4 d5 2. Bf4 Nc6 3. Nf3 Nf6 4. e3 e6 5. c3 Bd6 6. Bg3 O-O 7. Bd3 Re8 8. Bh4
e5 9. dxe5 Nxe5 10. Nxe5 Bxe5 11. O-O c6 12. Nd2 Bc7 13. Qf3 Bg4 14. Bxf6 Qd7
15. Bf5 Bxf5 16. Bxg7 Kxg7 17. Qe2 Qd6 18. g3 Qg6 19. Qd1 h5 20. Qa4 Be4 21. f4
h4 22. Qd4+ f6 23. Kf2 hxg3+ 24. hxg3 Bb6 25. Qb4 Bxe3+ 26. Kxe3 Qxg3+ 27. Kd4
Qd3+ 28. Kc5 b6+ 29. Kd6 Qxd2 30. Rg1+ Kf7 31. Rg4 c5 32. Qb5 Rad8+ 33. Kc7
Rc8+ 34. Kb7 d4+ 35. Kxa7 Ra8+ 36. Kxb6 Rab8+ 37. Ka6 Rxb5 38. Kxb5 0-1

[Event "59. BEM 2005"]
[Site "Dortmund"]
[Date "2005.03.03"]
[Round "3"]
[White "Schultz, Bernfried"]
[Black "Schoppe, Hans-Werner"]
[Result "1-0"]
[WhiteElo "1717"]
[BlackElo "1201"]
[PlyCount "45"]
[EventDate "2005.??.??"]
[Source "SG Dortmund"]
[SourceDate "2004.12.16"]

1. e4 e6 2. d4 d5 3. Nc3 Nf6 4. Bg5 Be7 5. e5 Nfd7 6. h4 a6 7. Bd3 g6 8. Nf3 c5
9. dxc5 Nxc5 10. Qd2 Nc6 11. a3 b5 12. Qf4 Nd7 13. O-O-O Rb8 14. h5 Bxg5 15.
Nxg5 Ndxe5 16. hxg6 Nxd3+ 17. Rxd3 f6 18. Nxh7 f5 19. Nxd5 Rxh7 20. gxh7 Kf7
21. h8=Q Qxh8 22. Rxh8 exd5 23. Qc7+ 1-0

[Event "59. BEM 2005"]
[Site "Dortmund"]
[Date "2005.03.03"]
[Round "3"]
[White "Gülicher, Michael"]
[Black "Klein, Hans-Joachim"]
[Result "0-1"]
[WhiteElo "1540"]
[BlackElo "1709"]
[PlyCount "76"]
[EventDate "2005.??.??"]
[Source "SG Dortmund"]
[SourceDate "2004.12.16"]

1. e4 e5 2. Nf3 Nc6 3. Be2 Nf6 4. d3 a6 5. c3 h6 6. O-O Bc5 7. Nbd2 d6 8. b4
Ba7 9. Bb2 O-O 10. a3 Nh7 11. d4 exd4 12. cxd4 Ne7 13. Qc2 d5 14. e5 Bf5 15.
Qc3 Ng6 16. g3 c6 17. Rfe1 f6 18. Bd3 fxe5 19. Bxf5 Rxf5 20. dxe5 Ng5 21. Kg2
Qd7 22. e6 Qe7 23. Nd4 Rf6 24. f4 Bxd4 25. Qxd4 Nxe6 26. Qf2 Rf5 27. Kg1 Qd7
28. Nf3 Raf8 29. Qe3 Nexf4 30. gxf4 Nxf4 31. Rf1 Qf7 32. Rae1 Qg6+ 33. Ng5
Qxg5+ 34. Qg3 Nh3+ 35. Kg2 Rxf1 36. Rxf1 Qxg3+ 37. hxg3 Rxf1 38. Kxf1 Ng5 0-1

[Event "59. BEM 2005"]
[Site "Dortmund"]
[Date "2005.03.03"]
[Round "3"]
[White "Krüger, Georg"]
[Black "Pachura, Karl-Heinz"]
[Result "1-0"]
[WhiteElo "1706"]
[BlackElo "1274"]
[PlyCount "37"]
[EventDate "2005.??.??"]
[Source "SG Dortmund"]
[SourceDate "2004.12.16"]

1. e4 e5 2. Bc4 Nf6 3. d3 d5 4. exd5 Nxd5 5. Nf3 Bg4 6. O-O c6 7. Re1 Nd7 8. d4
b5 9. Bxd5 cxd5 10. dxe5 Nc5 11. Nc3 Bxf3 12. Qxf3 d4 13. Nxb5 Ne6 14. Qc6+ Ke7
15. b3 Rc8 16. Ba3+ Nc5 17. Bxc5+ Qd6 18. Bxd6+ Ke6 19. Nxd4# 1-0

[Event "59. BEM 2005"]
[Site "Dortmund"]
[Date "2005.03.03"]
[Round "3"]
[White "Schaefer, Ulrich"]
[Black "Ziemek, Gerhard"]
[Result "0-1"]
[WhiteElo "1475"]
[BlackElo "1694"]
[PlyCount "58"]
[EventDate "2005.??.??"]
[Source "SG Dortmund"]
[SourceDate "2004.12.16"]

1. e4 e5 2. Nf3 d6 3. d4 exd4 4. Nxd4 Nf6 5. Nc3 c6 6. Bg5 Be7 7. Qd2 b5 8. a3
a5 9. Be2 O-O 10. O-O Bb7 11. Nf5 d5 12. Rad1 Nbd7 13. Qf4 b4 14. axb4 axb4 15.
Bxf6 Bxf6 16. Nb1 Bxb2 17. exd5 c5 18. Qg4 Qf6 19. Bf3 Ne5 20. Qf4 Nxf3+ 21.
Qxf3 Rad8 22. Rfe1 Rfe8 23. Rxe8+ Rxe8 24. Nd2 Re5 25. Ne3 Re8 26. Qg4 Bd4 27.
Ndc4 Bxd5 28. Qd7 Rd8 29. Qc7 Bxc4 0-1

[Event "59. BEM 2005"]
[Site "Dortmund"]
[Date "2005.03.03"]
[Round "3"]
[White "Sroka, Andreas"]
[Black "Rzoczek, Christoph"]
[Result "1-0"]
[WhiteElo "1230"]
[BlackElo "1607"]
[PlyCount "101"]
[EventDate "2005.??.??"]
[Source "SG Dortmund"]
[SourceDate "2004.12.16"]

1. e4 d5 2. exd5 Qxd5 3. Nc3 Qa5 4. Nf3 Nf6 5. Bc4 e6 6. d3 c6 7. Bd2 Qc7 8.
O-O Bd6 9. Re1 a5 10. a4 O-O 11. Ne4 Be7 12. Qc1 Nbd7 13. Bf4 Qd8 14. Qe3 Nd5
15. Bxd5 cxd5 16. Neg5 Nf6 17. Nd2 h6 18. Ngf3 Nh5 19. h3 Nxf4 20. Qxf4 Qb6 21.
b3 Bc5 22. d4 Bb4 23. Qe3 Qc7 24. Rec1 Bc3 25. Ra2 Ra6 26. Nc4 Bb4 27. c3 Be7
28. Ncd2 Rc6 29. Ne5 Rb6 30. c4 f6 31. Ng6 Rf7 32. Nxe7+ Rxe7 33. c5 Rb4 34. f4
Bd7 35. Nb1 Be8 36. Na3 Qb8 37. Nc2 e5 38. Nxb4 axb4 39. fxe5 fxe5 40. Re1 e4
41. Qd2 Qg3 42. Qxb4 Qd3 43. c6 Qg3 44. Rae2 Bh5 45. Qxe7 Bxe2 46. Qe6+ Kh8 47.
Qc8+ Kh7 48. Qf5+ Kh8 49. Rxe2 Qd3 50. cxb7 Qd1+ 51. Kh2 1-0

[Event "59. BEM 2005"]
[Site "Dortmund"]
[Date "2005.03.03"]
[Round "3"]
[White "Wiemann, Peter"]
[Black "Gegner, Michael"]
[Result "1-0"]
[WhiteElo "1581"]
[BlackElo "1397"]
[PlyCount "61"]
[EventDate "2005.??.??"]
[Source "SG Dortmund"]
[SourceDate "2004.12.16"]

1. e4 e6 2. Nf3 d5 3. exd5 exd5 4. d4 Nf6 5. Bg5 Bd6 6. Nc3 c6 7. Qd2 Bf5 8.
O-O-O O-O 9. Bd3 Bxd3 10. Qxd3 Nbd7 11. Nd2 Qc7 12. h4 b5 13. a3 a5 14. Qf3 b4
15. Ncb1 Qb6 16. Nf1 Rfb8 17. a4 c5 18. Ne3 b3 19. c3 Qc6 20. dxc5 Bxc5 21.
Nxd5 Nxd5 22. Qxd5 Qg6 23. Rd2 Ra7 24. h5 Qb6 25. Rh3 Re8 26. Rf3 Ne5 27. Rf5
Rd7 28. Rxe5 Rxd5 29. Rxe8+ Bf8 30. Rxd5 Qxf2 31. Rxf8+ 1-0

[Event "59. BEM 2005"]
[Site "Dortmund"]
[Date "2005.03.03"]
[Round "3"]
[White "Rutmann, Ulrich"]
[Black "Völler, Lothar"]
[Result "1/2-1/2"]
[WhiteElo "1379"]
[BlackElo "1565"]
[PlyCount "60"]
[EventDate "2005.??.??"]
[Source "SG Dortmund"]
[SourceDate "2004.12.16"]

1. e4 e5 2. Nf3 Nc6 3. Bb5 a6 4. Ba4 Nf6 5. d3 d6 6. h3 Be7 7. c3 O-O 8. O-O h6
9. Be3 Nh7 10. d4 b5 11. Bb3 Bb7 12. Nbd2 Kh8 13. Re1 f5 14. exf5 Rxf5 15. Bc2
Rf8 16. Nh2 exd4 17. cxd4 Nf6 18. Ndf3 d5 19. a3 Bd6 20. Qd3 Ne4 21. Nd2 Ne7
22. f3 Bxh2+ 23. Kxh2 Nf6 24. Bf2 Bc8 25. g4 Rf7 26. Re5 Qg8 27. Rae1 Nc6 28.
R5e2 Bd7 29. Qg6 Raf8 30. Nf1 Ne8 1/2-1/2

[Event "59. BEM 2005"]
[Site "Dortmund"]
[Date "2005.03.03"]
[Round "3"]
[White "Krüger, Inge"]
[Black "Werninghaus, Klaus-Peter"]
[Result "1/2-1/2"]
[WhiteElo "1307"]
[BlackElo "1533"]
[PlyCount "54"]
[EventDate "2005.??.??"]
[Source "SG Dortmund"]
[SourceDate "2004.12.16"]

1. d4 c6 2. c4 e6 3. Nc3 d5 4. cxd5 exd5 5. Nf3 Bf5 6. e3 Nf6 7. Bd3 Bg6 8. O-O
Bd6 9. h3 Nbd7 10. Qc2 Bxd3 11. Qxd3 O-O 12. a3 Qc7 13. b4 Rfe8 14. Bb2 Ne4 15.
Rac1 Rac8 16. Nxd5 Qb8 17. Nc3 Ndf6 18. d5 Nxc3 19. Bxc3 Nxd5 20. Bb2 Rcd8 21.
Bd4 Nf6 22. Qf5 Qc8 23. Qxc8 Rxc8 24. Bxa7 Ra8 25. Bc5 Bxc5 26. bxc5 Rxa3 27.
Rb1 Ne4 1/2-1/2

[Event "59. BEM 2005"]
[Site "Dortmund"]
[Date "2005.03.03"]
[Round "3"]
[White "Sellin, Reinhard"]
[Black "Kuckelke, Jürgen"]
[Result "1-0"]
[WhiteElo "1509"]
[BlackElo "1263"]
[PlyCount "91"]
[EventDate "2005.??.??"]
[Source "SG Dortmund"]
[SourceDate "2004.12.16"]

1. d4 d5 2. Nf3 Nf6 3. c3 g6 4. Bg5 Bg7 5. Nbd2 O-O 6. e3 Bf5 7. Be2 Nbd7 8.
O-O c6 9. Re1 Qc7 10. h3 Rfe8 11. Bf4 Qb6 12. Qc1 Ne4 13. Nxe4 Bxe4 14. Nd2 e5
15. Bh2 Bf5 16. Nf1 e4 17. c4 Rac8 18. c5 Qd8 19. b4 b5 20. a4 a6 21. axb5 axb5
22. Ra7 Nf6 23. Qa3 Re7 24. Ra1 Rxa7 25. Qxa7 Ne8 26. Qb7 Qd7 27. Qxd7 Bxd7 28.
Ra7 Be6 29. Nd2 Bf6 30. f3 Bg5 31. Kf2 f5 32. Be5 Bd8 33. fxe4 dxe4 34. Nb1 Bc7
35. Bxc7 Nxc7 36. Nc3 Nd5 37. Nxd5 Bxd5 38. Kg3 Rf8 39. Kf4 Rf7 40. Rxf7 Kxf7
41. Ke5 Ke7 42. Bxb5 cxb5 43. Kxd5 h5 44. Ke5 Kd7 45. d5 Kd8 46. g3 1-0

[Event "59. BEM 2005"]
[Site "Dortmund"]
[Date "2005.03.03"]
[Round "3"]
[White "Dieckmann, Rudolf"]
[Black "Baier, Jörg"]
[Result "1-0"]
[WhiteElo "1573"]
[BlackElo "1401"]
[PlyCount "75"]
[EventDate "2005.??.??"]
[Source "SG Dortmund"]
[SourceDate "2004.12.16"]

1. c4 e5 2. Nc3 Nf6 3. e4 Nc6 4. Nf3 Bc5 5. h3 a6 6. a3 O-O 7. d3 Re8 8. b4 Bf8
9. Bb2 Nd4 10. Nxd4 exd4 11. Ne2 Nxe4 12. dxe4 Rxe4 13. Bxd4 d5 14. cxd5 Qxd5
15. Be3 Qe5 16. Rc1 Bf5 17. Bc5 Bxc5 18. Rxc5 Qf6 19. g4 Be6 20. Bg2 Rd8 21.
Qc1 Rxe2+ 22. Kxe2 c6 23. Rd1 Bxg4+ 24. hxg4 Re8+ 25. Kf1 Re2 26. Rf5 Qe7 27.
Qc4 Re6 28. Qd4 g6 29. Qd8+ Kg7 30. Qxe7 Rxe7 31. Rf4 c5 32. bxc5 Rc7 33. Bd5
Rxc5 34. Rxf7+ Kh6 35. f4 Rc3 36. g5+ Kh5 37. Be6 Kh4 38. Rxh7+ 1-0

[Event "59. BEM 2005"]
[Site "Dortmund"]
[Date "2005.03.03"]
[Round "3"]
[White "Merle, Peter"]
[Black "Hansen, Jochen"]
[Result "1-0"]
[WhiteElo "1486"]
[BlackElo "1374"]
[PlyCount "71"]
[EventDate "2005.??.??"]
[Source "SG Dortmund"]
[SourceDate "2004.12.16"]

1. e4 c5 2. Nf3 d6 3. d4 cxd4 4. Nxd4 Nf6 5. Nc3 e5 6. Nf3 Be7 7. Bd3 O-O 8.
O-O Bg4 9. h3 Be6 10. Be3 a6 11. a3 Nc6 12. Ng5 Bd7 13. Nf3 Be6 14. Rc1 h6 15.
Qe2 Nh5 16. Nxe5 Nf6 17. Nxc6 bxc6 18. Bd4 c5 19. Bxf6 Bxf6 20. Rb1 Re8 21. Qf3
c4 22. Be2 Qa5 23. Nd5 Bxd5 24. exd5 Qc5 25. c3 Re5 26. Qg4 Rae8 27. Bf3 Rg5
28. Qf4 Qc8 29. Bg4 Qc5 30. Bf3 h5 31. Rfe1 Ree5 32. Rxe5 dxe5 33. Qe4 Qc8 34.
h4 Rg6 35. Rd1 Qh3 36. Qxg6 1-0

[Event "59. BEM 2005"]
[Site "Dortmund"]
[Date "2005.03.03"]
[Round "3"]
[White "Schrimpl, Michael"]
[Black "Ruchay, Dietrich"]
[Result "1-0"]
[WhiteElo "1414"]
[BlackElo "1460"]
[PlyCount "43"]
[EventDate "2005.??.??"]
[Source "SG Dortmund"]
[SourceDate "2004.12.16"]

1. c4 c5 2. Nc3 Nf6 3. Nf3 Nc6 4. g3 g6 5. Bg2 Bg7 6. O-O O-O 7. a3 e6 8. d3 d6
9. Rb1 a6 10. Bg5 Qc7 11. Qc1 Rb8 12. b4 b5 13. Nd2 bxc4 14. bxc5 Rxb1 15. Qxb1
Nd7 16. cxd6 Qxd6 17. Nxc4 Qc7 18. Ne4 f6 19. Be3 Ne7 20. Qb3 Bb7 21. Bf4 Qc6
22. Nxf6+ 1-0

[Event "59. BEM 2005"]
[Site "Dortmund"]
[Date "2005.03.03"]
[Round "3"]
[White "Skoecz, Horst"]
[Black "Krüger, Sven"]
[Result "1-0"]
[WhiteElo "1455"]
[BlackElo "1233"]
[PlyCount "43"]
[EventDate "2005.??.??"]
[Source "SG Dortmund"]
[SourceDate "2004.12.16"]

1. e4 c5 2. Bc4 e5 3. Nc3 a6 4. Qh5 Qe7 5. Nd5 Nf6 6. Nxe7 Nxh5 7. Nd5 Bd6 8.
Nb6 O-O 9. Nxa8 Nc6 10. c3 b5 11. Bd5 Nf4 12. Nb6 Nxg2+ 13. Kf1 Nf4 14. Nf3 h6
15. Nh4 g6 16. d3 Nxd3 17. Nxg6 Rd8 18. Rg1 Kh7 19. Nh4 b4 20. Bxh6 bxc3 21.
bxc3 a5 22. Nf5 1-0

[Event "59. BEM 2005"]
[Site "Dortmund"]
[Date "2005.03.03"]
[Round "3"]
[White "Koch, Roland"]
[Black "Ludwig, Erwin"]
[Result "1/2-1/2"]
[WhiteElo "1399"]
[BlackElo "1437"]
[PlyCount "48"]
[EventDate "2005.??.??"]
[Source "SG Dortmund"]
[SourceDate "2004.12.16"]

1. c4 e5 2. e3 Nf6 3. Nc3 a6 4. a3 d6 5. h3 Be7 6. Nf3 O-O 7. Qc2 h6 8. b4 b6
9. Be2 Bb7 10. O-O Nbd7 11. Bb2 a5 12. Nh2 c5 13. b5 Qc7 14. e4 Rab8 15. d3
Rfe8 16. Bc1 Qd8 17. f4 Rf8 18. Rf2 Nh7 19. Nf3 exf4 20. Bxf4 f6 21. g4 g5 22.
Be3 Ne5 23. Raf1 Nxf3+ 24. Rxf3 Qc7 1/2-1/2

[Event "59. BEM 2005"]
[Site "Dortmund"]
[Date "2005.03.07"]
[Round "4"]
[White "Kartsev, Soel"]
[Black "Schiefelbusch, Dirk"]
[Result "0-1"]
[WhiteElo "2158"]
[BlackElo "2061"]
[PlyCount "94"]
[EventDate "2005.??.??"]
[Source "SG Dortmund"]
[SourceDate "2004.12.16"]

1. f4 d5 2. Nf3 Nf6 3. g3 e6 4. Bg2 c5 5. O-O Nc6 6. d3 Be7 7. c3 O-O 8. Qe1 b5
9. e4 Bb7 10. e5 Nd7 11. Na3 b4 12. Nc2 a5 13. a4 Ba6 14. Qe2 Qc7 15. c4 Nb6
16. b3 Rad8 17. Be3 Rd7 18. g4 dxc4 19. dxc4 Nd5 20. Bd2 Rfd8 21. Qe4 Nb6 22.
Rf2 Bb7 23. Qe2 Nd4 24. Ncxd4 cxd4 25. Qd3 h6 26. Re1 Ba6 27. f5 exf5 28. gxf5
Nd5 29. f6 Bc5 30. Bh3 Ne3 31. e6 fxe6 32. Bxe6+ Kh8 33. Nh4 gxf6 34. Rxf6 Rg7+
35. Rg6 Rxg6+ 36. Qxg6 Qg7 37. Kf2 Rf8+ 38. Ke2 Rf6 39. Qe8+ Kh7 40. Bxe3 dxe3
41. Bf5+ Rxf5 42. Nxf5 Qg2+ 43. Kd3 Qd5+ 44. Ke2 Qxf5 45. Qc6 Qf2+ 46. Kd3 Qd2+
47. Ke4 Qg2+ 0-1

[Event "59. BEM 2005"]
[Site "Dortmund"]
[Date "2005.03.07"]
[Round "4"]
[White "Gorval, Evgueni"]
[Black "Woestmann, Ulrich"]
[Result "1-0"]
[WhiteElo "2121"]
[BlackElo "2017"]
[PlyCount "39"]
[EventDate "2005.??.??"]
[Source "SG Dortmund"]
[SourceDate "2004.12.16"]

1. e4 d6 2. d4 c6 3. Nc3 Nf6 4. f4 Qa5 5. Bd3 e5 6. Nf3 Nbd7 7. O-O Be7 8. Kh1
exd4 9. Nxd4 Nc5 10. e5 dxe5 11. fxe5 Bg4 12. Be2 Bxe2 13. Qxe2 Nfd7 14. e6
fxe6 15. Nxe6 Nxe6 16. Qxe6 Rf8 17. Bd2 Nf6 18. Rfe1 Rf7 19. Ne4 Qd5 20. Nd6+
1-0

[Event "59. BEM 2005"]
[Site "Dortmund"]
[Date "2005.03.07"]
[Round "4"]
[White "Henrichs, Thomas"]
[Black "Szyszka, Arkadiusz"]
[Result "1-0"]
[WhiteElo "2394"]
[BlackElo "1865"]
[PlyCount "69"]
[EventDate "2005.??.??"]
[Source "SG Dortmund"]
[SourceDate "2004.12.16"]

1. e4 c5 2. Nf3 d6 3. d4 cxd4 4. Nxd4 Nf6 5. Nc3 a6 6. Be3 g6 7. f3 Bg7 8. Qd2
Qc7 9. O-O-O Nbd7 10. g4 Nb6 11. Kb1 h5 12. g5 Nfd7 13. f4 O-O 14. Qf2 e5 15.
Nde2 exf4 16. Nxf4 Bxc3 17. bxc3 Na4 18. Nd5 Nxc3+ 19. Nxc3 Qxc3 20. Bd4 Qb4+
21. Bb2 Re8 22. Rd4 Qc5 23. Qd2 Ne5 24. Rd5 Nf3 25. Qf4 Qf2 26. Rd1 Bf5 27. Bd3
Nd2+ 28. Qxd2 Qxd2 29. Rxd2 Bxe4 30. Bxe4 Rxe4 31. Rxd6 Rg4 32. Rhd1 Re8 33.
Rd8 Rge4 34. Rxe8+ Rxe8 35. Bf6 1-0

[Event "59. BEM 2005"]
[Site "Dortmund"]
[Date "2005.03.07"]
[Round "4"]
[White "Hillebrand, Carsten"]
[Black "Eismont, Igor"]
[Result "0-1"]
[WhiteElo "1941"]
[BlackElo "2174"]
[PlyCount "80"]
[EventDate "2005.??.??"]
[Source "SG Dortmund"]
[SourceDate "2004.12.16"]

1. c4 Nf6 2. Nf3 e6 3. g3 d5 4. Bg2 dxc4 5. Qa4+ Bd7 6. Qxc4 Nc6 7. O-O Bd6 8.
d4 O-O 9. a3 Rb8 10. b4 b5 11. Qc2 a5 12. e4 Be7 13. bxa5 Nxa5 14. Rd1 Rc8 15.
Ne5 c5 16. dxc5 Rxc5 17. Qb2 Qc8 18. Nd2 Rd8 19. Ra2 Be8 20. Re1 Qc7 21. Ndf3
Nxe4 22. Be3 Nc4 23. Nxc4 Rxc4 24. Bf4 Qa5 25. Bf1 Bf6 26. Be5 Ng5 27. Re3
Nxf3+ 28. Rxf3 Bxe5 29. Qxe5 Rc1 30. Ra1 Rc2 31. Bd3 Rd2 32. Qe4 g6 33. Be2 Qc7
34. Re3 Rb2 35. h4 h5 36. Qf3 Bc6 37. Qf6 Rdd2 38. Re1 Qd8 39. Qf4 Rxe2 40.
R3xe2 Rxe2 0-1

[Event "59. BEM 2005"]
[Site "Dortmund"]
[Date "2005.03.07"]
[Round "4"]
[White "Starp, Klaus"]
[Black "Tkachuk, Sergiy"]
[Result "1/2-1/2"]
[WhiteElo "1912"]
[BlackElo "2128"]
[PlyCount "115"]
[EventDate "2005.??.??"]
[Source "SG Dortmund"]
[SourceDate "2004.12.16"]

1. e4 c5 2. c3 d5 3. exd5 Qxd5 4. d4 Nf6 5. Nf3 Bg4 6. Be2 e6 7. h3 Bh5 8. O-O
Be7 9. Be3 cxd4 10. cxd4 O-O 11. Nc3 Qd8 12. Qb3 Qb6 13. Qxb6 axb6 14. g4 Bg6
15. Ne5 Nc6 16. g5 Nd5 17. Nxg6 hxg6 18. Nxd5 exd5 19. a3 f5 20. gxf6 gxf6 21.
Bf3 Rad8 22. Rad1 f5 23. Rd3 Bf6 24. Rfd1 g5 25. b4 Kg7 26. Bc1 Kg6 27. Bb2
Rfe8 28. Rc1 Rd7 29. Kg2 Ree7 30. Bd1 Re4 31. Ba4 Rd6 32. Rc2 Nxd4 33. Bxd4
Rxd4 34. Rxd4 Bxd4 35. Rc7 Bb2 36. Rd7 Rxd7 37. Bxd7 Bxa3 38. b5 Kf6 39. Kf3
Ke5 40. Bc8 Bc1 41. Bxb7 Kd4 42. Bc8 Kc4 43. Bd7 d4 44. Ke2 Ba3 45. Kd1 g4 46.
hxg4 fxg4 47. Kd2 Bb4+ 48. Kd1 d3 49. Bf5 Bc3 50. Bd7 Bd4 51. Kd2 Bc3+ 52. Kd1
Bf6 53. Bf5 Bg5 54. Bd7 Bh4 55. Kd2 Bg5+ 56. Kd1 d2 57. Kc2 Kb4 58. Kd1 1/2-1/2

[Event "59. BEM 2005"]
[Site "Dortmund"]
[Date "2005.03.07"]
[Round "4"]
[White "Raabe, Heinz"]
[Black "Goldschmidt, Christian"]
[Result "0-1"]
[WhiteElo "1858"]
[BlackElo "2070"]
[PlyCount "85"]
[EventDate "2005.??.??"]
[Source "SG Dortmund"]
[SourceDate "2004.12.16"]

1. d4 Nf6 2. c4 g6 3. Nc3 Bg7 4. e4 d6 5. f3 O-O 6. Bg5 h6 7. Bh4 Nbd7 8. Bd3
c5 9. d5 Ne5 10. Nge2 g5 11. Bg3 Nh5 12. Qd2 a6 13. O-O Bd7 14. f4 gxf4 15.
Bxf4 Nxf4 16. Nxf4 b5 17. cxb5 c4 18. Be2 Qb6+ 19. Kh1 axb5 20. a3 Kh7 21. Nh5
Bh8 22. Rf4 Ng6 23. Rff1 Qd4 24. Qc1 Be5 25. Qd1 Qxd1 26. Rfxd1 Rfb8 27. Rf1 f6
28. Ng3 b4 29. axb4 Rxa1 30. Rxa1 Rxb4 31. Ra2 h5 32. Kg1 h4 33. Nf5 Bxf5 34.
exf5 Nf4 35. Kf2 Kh6 36. g3 hxg3+ 37. hxg3 Nxe2 38. Kxe2 Kg5 39. Kf3 Kxf5 40.
Nd1 Bd4 41. Ne3+ Bxe3 42. Kxe3 Ke5 43. Ra7 0-1

[Event "59. BEM 2005"]
[Site "Dortmund"]
[Date "2005.03.07"]
[Round "4"]
[White "Kalikhman, Grigorij"]
[Black "Hein, Erwin"]
[Result "1/2-1/2"]
[WhiteElo "2017"]
[BlackElo "1966"]
[PlyCount "85"]
[EventDate "2005.??.??"]
[Source "SG Dortmund"]
[SourceDate "2004.12.16"]

1. e4 c5 2. Nf3 Nc6 3. c4 g6 4. d4 cxd4 5. Nxd4 Bg7 6. Be3 Nf6 7. Nc3 O-O 8.
Be2 d6 9. O-O Bd7 10. Rc1 Nxd4 11. Bxd4 Bc6 12. Bf3 a5 13. b3 Nd7 14. Bxg7 Kxg7
15. Qd4+ Kg8 16. Nd5 Bxd5 17. exd5 Rc8 18. h4 Qb6 19. Qxb6 Nxb6 20. Rce1 Rfe8
21. Re3 Rc7 22. Rfe1 Kf8 23. g4 Nd7 24. Kg2 b6 25. g5 a4 26. Bg4 axb3 27. axb3
Nc5 28. Ra1 Rb8 29. h5 f5 30. gxf6 exf6 31. hxg6 hxg6 32. Rh1 Rbb7 33. Bc8 Ra7
34. b4 Na4 35. Rh8+ Kg7 36. Ree8 f5 37. f4 Rxc4 38. Kg3 Rc3+ 39. Kf2 Rc2+ 40.
Kg3 Rc3+ 41. Kh4 Rf3 42. Rhg8+ Kh6 43. Rh8+ 1/2-1/2